Countries with the most Christians - Statistics

General Stats
  • This quiz has been taken 34 times
  • The average score is 23 of 27
Answer Stats
Christians Country % Correct
184.400.000 Brazil
100%
31.000.000 Spain
100%
32.200.000 United Kingdom
100%
246.000.000 United States
100%
36.800.000 Argentina
97%
46.000.000 France
97%
55.000.000 Italy
97%
44.000.000 Colombia
94%
72.000.000 Germany
94%
107.000.000 Mexico
94%
127.800.000 Russia
94%
99.400.000 China
91%
28.000.000 Canada
88%
33.350.000 India
88%
111.360.000 Nigeria
84%
37.900.000 Poland
84%
54.592.000 South Africa
84%
36.000.000 Ukraine
78%
104.025.000 Congo (DRC)
75%
83.160.000 Ethiopia
75%
29.000.000 Indonesia
72%
31.230.000 Peru
72%
30.020.000 Angola
66%
47.600.000 Kenya
66%
44.100.000 Tanzania
66%
104.650.000 Philippines
56%
41.500.000 Uganda
50%
No matching quizzes found
Score Distribution
Percent of People with Each Score
Percentile by Number Answered
Your Score History
You have not taken this quiz